drapeaux LGBT -quiz - Statistiques

Statistiques générales
  • Ce quiz a été pris 5 416 fois
  • Le résultat moyen est 11 sur 22
Statistiques - réponses
Par images Réponse % Correct
Gay
93%
LGBT flag
93%
Lesbienne
92%
Bisexuel
91%
pansexuel
86%
Transgenre
84%
Asexuel
78%
Non binaire
74%
aromantique
61%
Intersexe
49%
Demiboy
46%
Demigirl
46%
Genderfluid
45%
Agenre
37%
Polyamour
37%
Demisexuel
29%
Omnisexuel
27%
Cisgenre
14%
Trigenre
7%
Bicurieux
4%
Allosexuel
3%
Maverique
3%
Aucun quiz correspondant
Distribution des résultats
% des personnes avec chaque résultat
Percentile par nombre de réponses
Votre historique - résultats
Vous n’avez pas pris ce quiz